Statistiques concernant Euro Nations par leurs formations

Cliquez ici pour prendre le quiz!

Statistiques générales

  • Ce quiz a été pris 100 fois
    (59 depuis la dernière actualisation)
  • Le résultat moyen est 20 sur 24

Statistiques - réponses

Réponse% Correct
Croatie
98%
Portugal
96%
Belgique
94%
Espagne
94%
Allemagne
92%
Italie
92%
Pologne
92%
France
90%
Pays bas
90%
Suède
90%
Danemark
88%
Ecosse
88%
Pays de Galles
88%
Angleterre
84%
Autriche
84%
Ukraine
84%
Turquie
82%
Slovaquie
78%
Suisse
73%
République Tchèque
71%
Russie
69%
Finlande
59%
Hongrie
59%
Macédoine du Nord
57%

Distribution des résultats

Percentile par nombre de réponses

% des personnes avec chaque résultat

Votre développement - résultats

Vous n’avez pas pris ce quiz depuis la dernière actualisation